Suomen kunnat, joiden nimessä on useampi R - Statistics

Yleistilastot
  • Tätä visaa on pelattu 122 kertaa
  • Keskiarvotulos 9 / 12
Vastaustilastot
Maakunta Kunta % Oikein
Kainuu Ristijärvi
89%
Uusimaa Raasepori
87%
Pohjois-Pohjanmaa Reisjärvi
87%
Pohjois-Savo Rautavaara
84%
Etelä-Karjala Rautjärvi
82%
Keski-Suomi Saarijärvi
80%
Satakunta Merikarvia
76%
Uusimaa Nurmijärvi
75%
Pohjanmaa Pedersören kunta
73%
Pohjanmaa Pietarsaari
73%
Pohjois-Pohjanmaa Merijärvi
69%
Pirkanmaa Virrat
60%
Ehtoja vastaavia visoja ei löytynyt
Tulosjakauma
Jokaisen tuloksen saaneiden osuus
Persentiili vastausten määrän mukaan
Tuloshistoriasi
Et ole pelannut tätä visaa